00311nam a2200121Ia 4500008004100000100002300041245003400064260004800098300000900146650001000155942000700165999001700172190216s9999||||xx |||||||||||||| ||und|| aArthur Conan Doyle 4aThe Hound Of The Baskervilles b"University Book Publishers, Calicut"c1996 a162p aNovel cBK c14150d14150